Eminent Indians: Saints and Sages (Record no. 4470)

MARC details
000 -LEADER
fixed length control field 00359nam a2200157Ia 4500
003 - CONTROL NUMBER IDENTIFIER
control field OSt
008 - FIXED-LENGTH DATA ELEMENTS--GENERAL INFORMATION
fixed length control field 191201s2009 xx 000 0 und d
082 ## - DEWEY DECIMAL CLASSIFICATION NUMBER
Classification number 922.945
Item number AHE
100 ## - MAIN ENTRY--PERSONAL NAME
Personal name AHUJA,ML
245 #0 - TITLE STATEMENT
Title Eminent Indians: Saints and Sages
250 ## - EDITION STATEMENT
Edition statement 3rd IMP
260 ## - PUBLICATION, DISTRIBUTION, ETC. (IMPRINT)
Place of publication, distribution, etc New Delhi
Name of publisher, distributor, etc Rupa and Co
Date of publication, distribution, etc 2009
300 ## - PHYSICAL DESCRIPTION
Extent 122
650 ## - SUBJECT ADDED ENTRY--TOPICAL TERM
Topical term or geographic name as entry element BBA
942 ## - ADDED ENTRY ELEMENTS (KOHA)
Source of classification or shelving scheme Dewey Decimal Classification
Koha item type Text Books
Holdings
Withdrawn status Lost status Source of classification or shelving scheme Damaged status Not for loan Collection code Home library Current library Date acquired Source of acquisition Cost, normal purchase price Bill Number Total Checkouts Full call number Acc. no. / Barcode Date last seen Date last borrowed Bill Date Koha item type Checked out
    Dewey Decimal Classification     GENERAL PIET C-LIBRARY PIET C-LIBRARY 27/04/2010 J B C, New Delhi 95.00 SI-4915 1 922.945 AHE 15133 22/06/2021 29/05/2021 11/03/2010 Text Books  
    Dewey Decimal Classification     GENERAL PIET C-LIBRARY PIET C-LIBRARY 27/04/2010 J B C, New Delhi 95.00 SI-4915 1 922.945 AHE 15134 05/12/2020 05/12/2020 11/03/2010 Text Books 03/06/2021
    Dewey Decimal Classification     GENERAL PIET C-LIBRARY PIET C-LIBRARY 27/04/2010 J B C, New Delhi 95.00 SI-4915   922.945 AHE 15135 04/12/2019   11/03/2010 Text Books  
    Dewey Decimal Classification     GENERAL PIET C-LIBRARY PIET C-LIBRARY 27/04/2010 J B C, New Delhi 95.00 SI-4915   922.945 AHE 15136 04/12/2019   11/03/2010 Text Books  
    Dewey Decimal Classification     GENERAL PIET C-LIBRARY PIET C-LIBRARY 27/04/2010 J B C, New Delhi 95.00 SI-4915   922.945 AHE 15137 04/12/2019   11/03/2010 Text Books  
    Dewey Decimal Classification     GENERAL PIET C-LIBRARY PIET C-LIBRARY 27/04/2010 J B C, New Delhi 95.00 SI-4915   922.945 AHE 15138 04/12/2019   11/03/2010 Text Books  

Design & Developed by: PIET Central Library
R70 Miles Stone Pattikalyana Samalkha Panipat 132102
mail ID :- [email protected], Phone No:- 0180-2569700 Ex.216